| 000 | 02827namaa2200565uu 4500 | ||
|---|---|---|---|
| 001 | oapen97263 | ||
| 003 | oapen | ||
| 005 | 20251217011846.0 | ||
| 006 | a||||fo|||||||||0| | ||
| 007 | cr|mn|---annan | ||
| 008 | 250123s2025a||||fo|||||||||0|eng d | ||
| 020 | _a9781003389293 | ||
| 020 | _a9781032484778 | ||
| 020 | _a9781032484785 | ||
| 024 | 7 |
_a10.4324/9781003389293 _2doi |
|
| 040 |
_aoapen _coapen |
||
| 041 | 0 | _aeng | |
| 042 | _adc | ||
| 072 | 7 |
_aQ _2thema |
|
| 072 | 7 |
_aQR _2thema |
|
| 072 | 7 |
_aQRP _2thema |
|
| 072 | 7 |
_aQRY _2thema |
|
| 072 | 7 |
_aQRYA _2thema |
|
| 072 | 7 |
_aQRYA5 _2thema |
|
| 100 | 1 |
_aEller, Jack David _4aut |
|
| 245 | 1 | 0 | _aNonbelievers, Apostates, and Atheists in the Muslim World |
| 260 |
_bTaylor & Francis _bRoutledge [Imprint] _c2025 |
||
| 300 | _a1 online resource | ||
| 336 |
_atext _btxt _2rdacontent |
||
| 337 |
_acomputer _bc _2rdamedia |
||
| 338 |
_aonline resource _bcr _2rdacarrier |
||
| 506 | 0 |
_aFree-to-read _fUnrestricted online access _2star |
|
| 520 | _aNonbelievers, Apostates, and Atheists in the Muslim World offers a contemporary, cross-cultural look at nonbelief and nonreligion in Islam. Providing historical, conceptual, statistical, and ethnographic data on nonbelievers from Morocco to Egypt, Turkey, and Bangladesh, it explores the unique nature and challenges of nonreligion for Muslims. It includes 11 chapters by experts on nonbelief, nonreligion, and atheism in an array of Muslim-majority countries. The book features multiple disciplines and offers both ethnographic and statistical information on this important, growing, but neglected population. It explores the unique nature of nonreligion in Islam, illustrating that nonbelief is specific to a particular religious tradition. It also examines how ex-Muslims navigate complexities and dangers of their societies-especially for women-and how nonbelief and nonreligion do not equate to atheism or the total repudiation of religion or of Muslim identity. This book is an outstanding resource for scholars and students of nonbelief, atheism, secularism, religion, and contemporary Islam. | ||
| 540 |
_aOpen licence _0https://oapen.org/article/rights |
||
| 546 | _aeng | ||
| 650 | 7 |
_aAgnosticism and atheism _2thema |
|
| 650 | 7 |
_aAlternative belief systems _2thema |
|
| 650 | 7 |
_aHumanist and secular alternatives to religion _2thema |
|
| 650 | 7 |
_aIslam _2thema |
|
| 650 | 7 |
_aPhilosophy and Religion _2thema |
|
| 650 | 7 |
_aReligion and beliefs _2thema |
|
| 653 | _aanthropology | ||
| 653 | _aatheism | ||
| 653 | _aislam | ||
| 653 | _aislamic philosophy | ||
| 700 | 1 |
_aEller, Jack David _4edt |
|
| 700 | 1 |
_aKhazaal, Natalie _4edt |
|
| 793 | 0 | _aOAPEN Library. | |
| 856 | 4 | 0 |
_uhttps://library.oapen.org/handle/20.500.12657/97263 _zFree-to-read: OAPEN Library/DOAB: description of the publication _70 |
| 999 |
_c36852 _d36852 |
||